000 01160cam a22002054a 4500
005 20250605164110.0
008 250528s ||||||||||||||||||||||||d
035 _a17855
020 _a9789606150272
040 _aGR-AtMCL
_bgre
_dGR-AtMCL
_eAACR2
245 1 _aΣτάσου! Τί Θές να πείς; / Και Άλλες Ερωτήσεις Ζωτικής Σημασίας
260 _bΆρμος,
_c2017
300 _a168
520 _aΤο παρόν βιβλίο περιγράφει πώς να ρωτάμε τουε άλλους και τον εαυτό μας, έτσι ώστε να κατανοήσουμε βαθιά τι μετράει περισσότερο στη ζωή. Εισαγωγή: Γιατί Ρωτάτε;, Μισό Λεπτό...Τί Πράγμα; Αναρωτιέμαι, Θα Μπορούσατε Τουλάχιστον, Πώς Μπορώ να Βοηθήσω;, Τί Έχει Πραγματικά Σημασία; Συμπέρασματα: Ερώτηση - Δώρο, Ευχαριστίες.
700 1 _aRyan James E
_94140
700 1 _aΣαμοθράκη Ντίνα
_94132
942 _cBK
999 _c3255
_d3255